[Event "Porto Sant Elpidio op-A 1st"]
[Site "Porto Sant Elpidio"]
[Date "1998.10.??"]
[Round "?"]
[White "Iaconi, Andrea"]
[Black "Marconi, Franco"]
[Result "1-0"]
[WhiteElo "1539"]
[BlackElo "1722"]
[PlyCount "86"]
[EventDate "1998.10.??"]
[EventType "swiss"]
[EventRounds "6"]
[EventCountry "ITA"]
[SourceTitle "EXT 2024"]
[Source "ChessBase"]
[SourceDate "2023.10.10"]
[SourceVersion "1"]
[SourceVersionDate "2023.10.10"]
[SourceQuality "1"]

1. e4 c5 2. Nf3 Nc6 3. d4 cxd4 4. Nxd4 Nf6 5. Nc3 e5 6. Ndb5 d6 7. Bg5 a6 8. Na3 b5 9. Nd5 Qa5+ 10. Bd2 Qd8 11. Bg5 Be7 12. Nxe7 Nxe7 13. Bxf6 gxf6 14. Qd2 Be6 15. 0-0-0 Ra7 16. Be2 Rd7 17. Kb1 d5 18. exd5 Nxd5 19. Qh6 Qa5 20. Qd2 b4 21. Nc4 Qa4 22. b3 Qc6 23. Bf3 Qc5 24. Bxd5 Rxd5 25. Qe2 Ke7 26. Rxd5 Bxd5 27. Nxe5 Be6 28. Nd3 Qb6 29. Re1 Rd8 30. Nf4 a5 31. Nxe6 fxe6 32. f4 Rd5 33. g3 Qc6 34. Qe3 Qd7 35. g4 Kf7 36. g5 f5 37. h4 Rd1+ 38. Rxd1 Qxd1+ 39. Kb2 Qd5 40. h5 Kg7 41. Qa7+ Kf8 42. h6 Ke8 43. g6 Qc6 1-0

[Event "Porto Sant Elpidio op-A 1st"]
[Site "Porto Sant Elpidio"]
[Date "1998.10.??"]
[Round "?"]
[White "Marconi, Franco"]
[Black "Baleani, Emanuele"]
[Result "1-0"]
[WhiteElo "1722"]
[BlackElo "1524"]
[PlyCount "45"]
[EventDate "1998.10.??"]
[EventType "swiss"]
[EventRounds "6"]
[EventCountry "ITA"]
[SourceTitle "EXT 2024"]
[Source "ChessBase"]
[SourceDate "2023.10.10"]
[SourceVersion "1"]
[SourceVersionDate "2023.10.10"]
[SourceQuality "1"]

1. e4 c5 2. Nf3 d6 3. d4 cxd4 4. c3 dxc3 5. Bc4 e6 6. Nxc3 Nf6 7. 0-0 Be7 8. Qe2 0-0 9. Rd1 Qc7 10. Bf4 a6 11. a4 Bd7 12. Rac1 Bc6 13. Ba2 Nbd7 14. Nd5 exd5 15. exd5 Nxd5 16. Bxd5 Nf6 17. Bxc6 bxc6 18. Nd4 Nd5 19. Nxc6 Rfe8 20. Rxd5 Bf6 21. Be3 Re6 22. Rdd1 Rc8 23. Ne7+ 1-0